Devinez la Capitale Mystère #83 - Statistiques

Statistiques générales
  • Ce quiz a été pris 131 fois
  • Le résultat moyen est 26 sur 35
Statistiques - réponses
Type de Réponse Réponse % Correct
Lettre Trouvée A
100%
Lettre Trouvée I
100%
Lettre de l'Alphabet R
99%
Lettre de l'Alphabet E
97%
Lettre de l'Alphabet L
97%
Lettre de l'Alphabet N
97%
Lettre Trouvée O
97%
Lettre de l'Alphabet P
96%
Lettre de l'Alphabet S
95%
Lettre Trouvée B
93%
Lettre de l'Alphabet M
91%
Lettre de l'Alphabet T
91%
Lettre Trouvée D
87%
Lettre de l'Alphabet G
85%
Lettre Trouvée U
81%
Lettre de l'Alphabet C
79%
Lettre Bien Placée A
75%
Lettre de l'Alphabet H
75%
Lettre de l'Alphabet K
74%
Lettre de l'Alphabet V
72%
Lettre de l'Alphabet W
69%
Lettre Bien Placée A
68%
Lettre de l'Alphabet Y
67%
Lettre Bien Placée I
58%
Lettre de l'Alphabet J
58%
Lettre de l'Alphabet Z
57%
Lettre Bien Placée B
56%
Lettre de l'Alphabet X
55%
Lettre de l'Alphabet F
51%
Lettre Bien Placée O
51%
Lettre de l'Alphabet Q
50%
Lettre Bien Placée U
50%
Lettre Bien Placée B
48%
Lettre Bien Placée D
47%
Capitale Mystère Abou Dabi
46%
Aucun quiz correspondant
Distribution des résultats
% des personnes avec chaque résultat
Percentile par nombre de réponses
Votre historique - résultats
Vous n’avez pas pris ce quiz